Operation and modeling of the MOS transistor (Record no. 3949)

000 -LEADER
fixed length control field 00577nam a2200205 a 4500
001 - CONTROL NUMBER
control field 3949
003 - CONTROL NUMBER IDENTIFIER
control field BD-DhUET
008 - FIXED-LENGTH DATA ELEMENTS--GENERAL INFORMATION
fixed length control field 031117s1999 nyua b 001 0 eng
020 ## - INTERNATIONAL STANDARD BOOK NUMBER
International Standard Book Number 0071167919
040 ## - CATALOGING SOURCE
Original cataloging agency DLC
Transcribing agency DLC
Modifying agency BD-DhUET
082 00 - DEWEY DECIMAL CLASSIFICATION NUMBER
Classification number 623.815284
Item number TSI/1999
100 ## - MAIN ENTRY--PERSONAL NAME
Personal name Tsividis, Yannis
245 10 - TITLE STATEMENT
Title Operation and modeling of the MOS transistor
250 ## - EDITION STATEMENT
Edition statement 2nd ed.
260 ## - PUBLICATION, DISTRIBUTION, ETC. (IMPRINT)
Place of publication, distribution, etc. New York
Name of publisher, distributor, etc. Oxford University Press
Date of publication, distribution, etc. 1999
300 ## - PHYSICAL DESCRIPTION
Extent xx, 620p.
Other physical details ill.
504 ## - BIBLIOGRAPHY, ETC. NOTE
Bibliography, etc Includes bibliographies
650 #0 - SUBJECT ADDED ENTRY--TOPICAL TERM
Topical term or geographic name as entry element Metal oxide semiconductors - Mathematical models
942 ## - ADDED ENTRY ELEMENTS (KOHA)
Koha item type General Book
Holdings
Price effective from Koha date last borrowed Koha issues (times borrowed) Koha full call number Location (home branch) Piece designation (barcode) Sublocation or collection (holding branch) Damaged status Koha date last seen Shelving location Not for loan Koha item type Source of classification or shelving scheme Lost status Withdrawn status Date acquired Koha normalized classification for sorting Copy number
2014-11-092017-10-231623.8152/TSI/1999 Central Library, BUET93007Central Library, BUET 2020-12-05Circulation section General Book   2014-11-09623_000000000000000_8152TSI1991
2014-12-02  623.8152/TSI/1999Central Library, BUET93010Central Library, BUET 2014-12-02Circulation section General Book   2014-12-02623_815200000000000_TSI_19992
2015-06-25  623.815284/TSI/1999Central Library, BUET93005Central Library, BUET 2015-06-25Reading section Reading Item   2015-06-25623_815284000000000_TSI_19993
2017-10-31  623.815284/TSI/1999Central Library, BUET93009Central Library, BUET 2017-10-31Circulation section General Book   1999-04-12623_815284000000000_TSI_19994